Univerzita sa sťahuje

Bibliographic Details
Main Author: bm (Author)
Corporate Author: Technická univerzita v Košiciach (Author)
Format: Article
Language:Slovak
Subjects:

MARC

LEADER 00000nab a2200000 a 4500
001 vtls000898951
003 SK-MaSNL
005 20260304183202.0
008 040720e19981109xo 0 slo
035 |a KE7957 
040 |a KEVKJB  |b slo  |c KEVKJB  |e AACR2 
041 0 |a slo 
044 |a xo  |c SK 
080 |a 378.6  |2 1981 
100 0 |a bm  |4 aut  |9 840066 
245 1 0 |a Univerzita sa sťahuje 
610 2 7 |a Technická univerzita v Košiciach  |2 KEVKJB  |9 172333 
650 0 7 |a výmena budov  |2 KEVKJB  |9 1222610 
650 0 7 |a informácie  |2 KEVKJB  |9 1285 
651 7 |a Košice (Slovensko)  |2 KEVKJB  |9 18694 
651 7 |a KE,  |2 KEVKJB  |9 877256 
655 7 |a periodikum  |2 snkbucl  |9 29553 
710 2 |a Technická univerzita v Košiciach  |4 aut  |9 172333 
773 0 8 |t Košický večer  |g Roč. 9  |g Roč. 30, č.215, 9.11.1998, s. 2 
852 |a ZVYKNI  |b KIS3GCP 
999 |c 3033639  |d 3035569